00231nam a2200085 4500082001500000100001400015245007100029260003800100300000700138 a541.38 WHI aD.A.White aRadiochemical Facilities in the Department of Chemical Engineering bImperial college of sciencec1990 a11